Nuevas tecnologías e información audiovisual digital

Enregistré dans:
Détails bibliographiques
Auteurs principaux: Palacio, Gorka J. (autor), Tulloch, Christopher D (Auteur)
Format: Livre
Langue:espagnol
Publié: Bilbao Universidad del País Vasco 2003
Édition:1a. ed
Sujets:
Tags: Ajouter un tag
Pas de tags, Soyez le premier à ajouter un tag!

MARC

LEADER 00000nam a2200000 a 4500
001 UCK6343
003 CL-VaPUC
008 050930e20030000SP |||||||||||||||||spa|d
020 |a 8483735202 
082 0 4 |a 302.23  |b PAL  |2 21 
100 |a Palacio, Gorka J.  |e autor  |9 495515 
700 0 |a Tulloch, Christopher D  |e author  |9 495516 
245 1 0 |a Nuevas tecnologías e información audiovisual digital 
250 |a 1a. ed 
300 |a 157 p 
942 |c BK 
945 |d 20050930 00:00:00  |a cmena 
260 |a Bilbao  |b Universidad del País Vasco  |c 2003 
650 7 |a SOCIOLOGIA DEL PERIODISMO  |2 CL-VaPUC  |9 462333 
650 0 |a Cambio social   |9 256857 
650 0 |a Informática   |9 260044 
650 7 |a DESARROLLO TECNOLOGICO  |2 CL-VaPUC  |9 259800 
650 0 |a Periodistas   |9 335499 
650 0 |a Sociolingüística  |9 263716 
583 |a last modification  |c 20050930 00:00:00  |k Rodrigo Vera 
999 |c 314639  |d 314637 
952 |0 0  |1 0  |4 0  |6 302_230000000000000_PAL_2003  |7 0  |8 A  |9 387245  |a BIBCUR  |b BIBCUR  |d 2019-11-22  |i 4158385  |o 302.23 PAL 2003  |p 4158385  |r 2025-04-22  |w 2019-11-22  |y BK  |k MGC